000 01646nam a2200181 a 4500
001 000031266
005 20200930062818.0
008 110617s2009 dr 000 0 spa d
040 _aDO-SdBNP
_bspa
_cBNPHU
082 _axxxx
_bS485
245 0 0 _aSerie reglamentos y resoluciones del registro civil. /
_ceditora Nurys Paulino; presentación José Ángel Aquino Rodríguez.
260 _aSanto Domingo :
_bJunta Central Electoral, Comisión de Oficialías,
_c2009.
300 _a6 v. ;
_c26 cm.
505 0 _gNo. 1
_tResolución No.3/2007 para el establecimiento de un sistema de carrera para los oficiales del Estado Civil y sus Suplentes sobre la base de concursos públicos de méritos por oposición --
_gNo. 2
_tResolución No.8/2007 que dispone la expedición de cédulas de menor a madres de 16 años de edad --
_gNo. 3
_tResolución No.12/2007 que establece el procedimiento para suspender provisionalmente la expedición de Actas de Estado Civil vaciadas o instrumentadas de manera irregular --
_gNo. 4
_tResolución No.44/2008 sobre expediciones de Actas de Estado Civil no firmadas por los declarantes, comparecientes y testigos, de fecha 3 de octubre del 2008 --
_gNo. 5
_tResolución No.45/2008 sobre declaración tardías de nacimiento de personas ceduladas mayores de 60 años de edad cuyo carné sólo consigna el apellido correspondiente a la filiación materna, de fecha 3 de octubre del 2008 --
_gNo. 6
_tResolución No.2/2009 regula la expedición de actas del Estado Civil con datos o informaciones discordantes u omitidas
700 1 _aAquino Rodríguez, José Ángel
_912222
700 1 _aPaulino, Nurys,
_eed.
_922136
049 _aBNPD
999 _c30758
_d30758